| 000 | 00803cab a2200241 4500 | ||
|---|---|---|---|
| 001 | WB3105-38 | ||
| 008 | 090401t1995 xxu||||| |||| 00| 0 eng d | ||
| 035 | _a(Sirsi) u21023 | ||
| 041 | _aeng | ||
| 245 | _aDoes size matter? | ||
| 260 | _c1995 | ||
| 350 | _a0 | ||
| 490 |
_aEstates Gazette _v(9504) 28 January 1995, 52(1) |
||
| 520 | _aGrimley JR Eve is combining with Vigers and an American network, Adventus, to form GVA Worldwide, an international practice reflecting the increasing globalisation of clients and their requirements. | ||
| 650 | _aGLOBALISATION | ||
| 650 | _aGRIMLEY JR EVE | ||
| 650 | _aGVA WORLDWIDE | ||
| 650 | _aPROPERTY ADVISERS | ||
| 650 | _aSURVEYING FIRMS | ||
| 690 | _aMANAGEMENT-BUSINESS MANAGEMENT-PROFESSIONAL PRACTICE | ||
| 942 | _n0 | ||
| 948 | _c04/03/1997 | ||
| 999 |
_c14106 _d14106 |
||